Reviewer in taxation (Record no. 59275)
[ view plain ]
| 000 -LEADER | |
|---|---|
| fixed length control field | 00632nam a22001817a 4500 |
| 005 - DATE AND TIME OF LATEST TRANSACTION | |
| control field | 20221110150159.0 |
| 040 ## - CATALOGING SOURCE | |
| Transcribing agency | urs |
| 050 ## - LIBRARY OF CONGRESS CALL NUMBER | |
| Classification number | KF 5617 T21 R49 2008 |
| 100 ## - MAIN ENTRY--PERSONAL NAME | |
| 9 (RLIN) | 2955 |
| Personal name | Reyes, Virgilio D. |
| Relator term | author |
| 245 ## - TITLE STATEMENT | |
| Title | Reviewer in taxation |
| Remainder of title | for the CPA reviewee, for the bar reviewee and for the student in advanced subject in taxation |
| Statement of responsibility, etc | Virgilio D. Reyes |
| 250 ## - EDITION STATEMENT | |
| Edition statement | 2008 edition |
| 260 ## - PUBLICATION, DISTRIBUTION, ETC. (IMPRINT) | |
| Place of publication, distribution, etc | s.l. |
| Name of publisher, distributor, etc | Virgilio D. Reyes |
| Date of publication, distribution, etc | 2008 |
| 336 ## - CONTENT TYPE | |
| Source | rdacontent |
| Content type term | text |
| Content type code | txt |
| 337 ## - MEDIA TYPE | |
| Source | rdamedia |
| Media type term | unmediated |
| Media type code | n |
| 338 ## - CARRIER TYPE | |
| Source | rdacarrier |
| Carrier type term | volume |
| Carrier type code | nc |
| 650 #0 - SUBJECT ADDED ENTRY--TOPICAL TERM | |
| 9 (RLIN) | 2920 |
| Topical term or geographic name as entry element | Taxation |
| Topical term following geographic name as entry element | Philippines |
| Form subdivision | Examinations, questions, etc. |
| 942 ## - ADDED ENTRY ELEMENTS (KOHA) | |
| Source of classification or shelving scheme | Library of Congress Classification |
| Koha item type | Filipiniana |
| Withdrawn status | Lost status | Source of classification or shelving scheme | Damaged status | Not for loan | Home library | Current library | Shelving location | Date acquired | Total Checkouts | Full call number | Barcode | Date last seen | Price effective from | Koha item type |
|---|---|---|---|---|---|---|---|---|---|---|---|---|---|---|
| Library of Congress Classification | Binangonan College Library | Binangonan College Library | Filipiniana Section | 11/10/2022 | KF 5617 T21 R49 2008 | URSBIN-3176 | 11/10/2022 | 11/10/2022 | Filipiniana | |||||
| Library of Congress Classification | Binangonan College Library | Binangonan College Library | Filipiniana Section | 11/10/2022 | KF 5617 T21 R49 2008 | URSBIN-3177 | 11/10/2022 | 11/10/2022 | Filipiniana | |||||
| Library of Congress Classification | Binangonan College Library | Binangonan College Library | Filipiniana Section | 11/10/2022 | KF 5617 T21 R49 2008 | URSBIN-3178 | 11/10/2022 | 11/10/2022 | Filipiniana | |||||
| Library of Congress Classification | Binangonan College Library | Binangonan College Library | Filipiniana Section | 01/03/2023 | KF 5617 T21 R49 2008 | URSBIN-3179 | 01/03/2023 | 01/03/2023 | Filipiniana | |||||
| Library of Congress Classification | Binangonan College Library | Binangonan College Library | Filipiniana Section | 01/03/2023 | KF 5617 T21 R49 2008 | URSBIN-3175 | 01/03/2023 | 01/03/2023 | Filipiniana | |||||
| Library of Congress Classification | Binangonan College Library | Binangonan College Library | Filipiniana Section | 01/03/2023 | KF 5617 T21 R49 2008 | URSBIN-3180 | 01/03/2023 | 01/03/2023 | Filipiniana | |||||
| Library of Congress Classification | Binangonan College Library | Binangonan College Library | Filipiniana Section | 01/03/2023 | KF 5617 T21 R49 2008 | URSBIN-3181 | 01/03/2023 | 01/03/2023 | Filipiniana | |||||
| Library of Congress Classification | Binangonan College Library | Binangonan College Library | Filipiniana Section | 01/03/2023 | KF 5617 T21 R49 2008 | URSBIN-3174 | 01/03/2023 | 01/03/2023 | Filipiniana |